A bogumilizmus szerepe a középkorban

Elmentve itt :
Bibliográfiai részletek
Szerző: Gyürefi Andrásné
További közreműködők: Szegfű László (Témavezető)
Dokumentumtípus: Szakdolgozat
Megjelent: 1979
Tárgyszavak:
Online Access:http://diploma.bibl.u-szeged.hu/89048
LEADER 00586nta a2200169 i 4500
001 dipl89048
005 20200829085241.0
008 200827s1979 hu om 0|| zxx d
040 |a SZTE Diploma Repozitórium  |b hun 
041 |a zxx 
100 1 |a Gyürefi Andrásné 
245 1 2 |a A bogumilizmus szerepe a középkorban  |h [elektronikus dokumentum] /  |c Andrásné Gyürefi 
260 |c 1979 
650 4 |a Bölcsészettudományok 
650 4 |a Religious studies 
700 1 |a Szegfű László  |e ths 
856 4 0 |u http://diploma.bibl.u-szeged.hu/id/eprint/89048/1/1979_gyurefi_andrasne.pdf  |z Dokumentum-elérés